(Record no. 185528)
[ view plain ]
| 000 -CABECERA | |
|---|---|
| campo de control de longitud fija | 01321nam a2200229Ia 4500 |
| 001 - NÚMERO DE CONTROL | |
| campo de control | IA_The lack of safety may result in injury, illness and even death to consumers, which leads to the loss of confidence in the products and producers involved in the market and in some cases the closure of borders, resulting in economic losses, unemployment, and in some cases the bankruptcy of producers |
| 008 - DATOS DE LONGITUD FIJA--INFORMACIÓN GENERAL | |
| campo de control de longitud fija | 220117s xx 000 0 und d |
| 010 ## - NÚMERO DE CONTROL DE LA BIBLIOTECA DEL CONGRESO | |
| Número de control de LC | 185528 |
| 530 ## - NOTA DE FORMATO FÍSICO ADICIONAL DISPONIBLE | |
| Nota de formato físico adicional disponible | Disponible en PDF |
| 650 ## - PUNTO DE ACCESO ADICIONAL DE MATERIA--TÉRMINO DE MATERIA | |
| Término de materia o nombre geográfico como elemento de entrada | Best management practices |
| Subdivisión general | Manuals |
| 9 (RLIN) | 159591 |
| 650 ## - PUNTO DE ACCESO ADICIONAL DE MATERIA--TÉRMINO DE MATERIA | |
| Término de materia o nombre geográfico como elemento de entrada | Horticultural products industry |
| Subdivisión general | Good hygiene practices |
| -- | Mexico |
| -- | Morelos |
| 9 (RLIN) | 159592 |
| 650 ## - PUNTO DE ACCESO ADICIONAL DE MATERIA--TÉRMINO DE MATERIA | |
| Término de materia o nombre geográfico como elemento de entrada | Horticultural products industry |
| Subdivisión general | Risk reduction |
| -- | Mexico |
| -- | Morelos |
| 9 (RLIN) | 159593 |
| 650 ## - PUNTO DE ACCESO ADICIONAL DE MATERIA--TÉRMINO DE MATERIA | |
| Término de materia o nombre geográfico como elemento de entrada | Industria de productos hortícolas |
| Subdivisión general | Buenas prácticas de higiene |
| -- | México |
| -- | Morelos |
| 9 (RLIN) | 159594 |
| 650 ## - PUNTO DE ACCESO ADICIONAL DE MATERIA--TÉRMINO DE MATERIA | |
| Término de materia o nombre geográfico como elemento de entrada | Industria de productos hortícolas |
| Subdivisión general | Reducción de riesgos |
| -- | México |
| -- | Morelos |
| 9 (RLIN) | 159595 |
| 650 ## - PUNTO DE ACCESO ADICIONAL DE MATERIA--TÉRMINO DE MATERIA | |
| Término de materia o nombre geográfico como elemento de entrada | Mejores prácticas de administración |
| Subdivisión general | Manuales |
| 9 (RLIN) | 159596 |
| 700 ## - PUNTO DE ACCESO ADICIONAL--NOMBRE DE PERSONA | |
| Nombre de persona | Esparza Torres, Félix, asesor |
| 9 (RLIN) | 163648 |
| 700 ## - PUNTO DE ACCESO ADICIONAL--NOMBRE DE PERSONA | |
| Nombre de persona | García Chávez, Luis Ramiro, dir. |
| 700 ## - PUNTO DE ACCESO ADICIONAL--NOMBRE DE PERSONA | |
| Nombre de persona | Sánchez Moctezuma, Gabriela, asesor |
| 9 (RLIN) | 163731 |
| 942 ## - ELEMENTOS DE PUNTO DE ACCESO ADICIONAL (KOHA) | |
| Tipo de ítem Koha | |
No items available.
